| 000 | 01695nam a2200253Ia 4500 | ||
|---|---|---|---|
| 001 | 15557 | ||
| 003 | GE_BSU | ||
| 008 | 181216s||||||||xx |||||||||||||| ||und|| | ||
| 020 | _a978-99940-837-9-4 | ||
| 040 | _cGE_BSU | ||
| 080 | _a821.353.1 + 821.353.1-32 | ||
| 100 | _aდოჩანაშვილი, გ. (გურამ) | ||
| 245 | _aთხზულებათა ექვსტომეული. ტ. 1 | ||
| 245 | _bმოთხრობები | ||
| 245 | _cმხატვ. ვახტანგ რურუა | ||
| 260 | _aთბილისი | ||
| 260 | _b[აისი] (ს. ს. "პირველი სტამბა | ||
| 260 | _c2007 | ||
| 300 | _a579 გვ.პორტრ.22 სმ. | ||
| 653 | _aთავფარავნელი ჭაბუკი; ხორუმი ქართული ცეკვაა (პიესა); იოჰან სებასტიან ბახი; იქამდე; ჩემი ბუჭუტა, ჩვენი ტერეზა; საქმე | ||
| 653 | _aმთის გადაღმა; პირველი კონცერტი; თანამგზავრი; მუსიკოსი; აჩხოტელების ბატონი; მთვარიანი ღამე; მიხეილი და ალექსანდრე; ნაბიჯი | ||
| 653 | _aმხიარული ბორცვი; იგი სიყვარულისთვის იყო გაჩენილი, ანუ გრიშა და მთავარი; ათასი წვრილმანი; ყველაზე კარგი პაპა; | ||
| 942 | _cBK | ||
| 999 |
_c48657 _d48657 |
||